[Event "ACL-E009"]
[Site "www.playchess.de"]
[Date "2001.04.05"]
[Round "10"]
[White "Deppenhaufen"]
[Black "deepcover"]
[WhiteElo "2106"]
[BlackElo "1732"]
[PlyCount "125"]
[Result "1-0"]

1.e4 e5 2.Nf3 Nf6 3.Nxe5 d6 4.Nf3 Nxe4 5.d4 d5 
6.Bd3 Nc6 7.O-O Be7 8.Re1 Bg4 9.c3 f5 10.Qb3 Qd7 
11.Qxb7 Rb8 12.Qa6 O-O 13.Nbd2 Rb6 14.Qa4 Rfb8 
15.Qc2 Bd6 16.h3 Bh5 17.b3 h6 18.Be2 Qd8 19.a3 Qf6 
20.b4 Re8 21.Bb2 Bf4 22.Bf1 Rbb8 23.c4 Nxd2 
24.Nxd2 Nxd4 25.Bxd4 Qxd4 26.Nb3 Qf6 27.cxd5 Bf7 
28.Nc5 Rbd8 29.Bc4 Kh7 30.g3 Be5 31.Rad1 Kh8 
32.Bb5 Re7 33.Qc4 Bb2 34.Rxe7 Qxe7 35.Bc6 Bxa3 
36.Qb3 Qe2 37.Rb1 Bxb4 38.Qxb4 Bxd5 39.Re1 Qc4 
40.Qxc4 Bxc4 41.Ra1 Rd6 42.Bg2 Kh7 43.Ra4 Rd1+ 
44.Kh2 Rc1 45.Rxa7 Rc2 46.g4 Bd5 47.Bxd5 Rxc5 
48.Bf7 fxg4 49.Ra6 h5 50.hxg4 hxg4 51.Kg3 Rc1 
52.Kxg4 Rg1+ 53.Kf5 Rf1 54.f4 Rb1 55.Rc6 Rb5+ 
56.Kg4 Rb6 57.Rxc7 Rb1 58.Rc6 Rg1+ 59.Kf5 Ra1 
60.Rc2 Ra5+ 61.Kg4 g6 62.Rc6 Kg7 
63.Bxg6 1-0

[Event "ACL-A133"]
[Site "www.playchess.de"]
[Date "2001.04.05"]
[Round "2"]
[White "Dio"]
[Black "raqueldouve"]
[WhiteElo "1459"]
[BlackElo "1500"]
[PlyCount "21"]
[Result "1-0"]

1.e4 e5 2.Nf3 Nc6 3.Bb5 Nge7 4.c3 d6 5.d4 exd4 
6.cxd4 Bd7 7.d5 Ne5 8.Bxd7+ Qxd7 9.O-O Qg4 10.Nxe5 
dxe5 11.Qxg4 1-0

[Event "HCL-C255"]
[Site "www.playchess.de"]
[Date "2001.04.05"]
[Round "5"]
[White "MEATHEAD"]
[Black "chico"]
[WhiteElo "1083"]
[BlackElo "1094"]
[PlyCount "44"]
[Result "0-1"]

1.e4 e5 2.Nf3 Nc6 3.c3 Nf6 4.d3 d6 5.Qa4 Bd7 6.Qb5 
Nd4 7.Qxb7 Nc2+ 8.Kd1 Nxa1 9.d4 Qb8 10.Qxb8+ Rxb8 
11.Kd2 Nxe4+ 12.Ke3 Nf6 13.dxe5 dxe5 14.Nxe5 Bc5+ 
15.Kf3 Bd6 16.Nxd7 Nxd7 17.Be2 O-O 18.Rd1 Ne5+ 
19.Ke3 Rfe8 20.Kd2 Rbd8 21.Ke1 Bc5 22.Bb5 
Nf3+ 0-1

[Event "HCL-B255"]
[Site "www.playchess.de"]
[Date "2001.04.05"]
[Round "1"]
[White "sundfar"]
[Black "roland"]
[WhiteElo "1475"]
[BlackElo "1500"]
[PlyCount "45"]
[Result "1-0"]

1.e4 e5 2.Nf3 Nc6 3.g3 Bc5 4.c4 d6 5.Bg2 Bg4 6.O-O 
Nd4 7.d3 Qf6 8.Nbd2 O-O-O 9.a3 a6 10.b4 Ba7 11.Bb2 
Ne7 12.Bxd4 Bxd4 13.Rb1 h5 14.a4 h4 15.Nb3 hxg3 
16.Nbxd4 gxh2+ 17.Kh1 exd4 18.a5 Kb8 {it's getting 
exciting}  19.b5 {Yes when the players castle at 
diagonal side, the game get very open}  Rh3 
20.bxa6 Nc6 21.Nxd4 Ne5 {Nxd4 is very nice!}  
22.Rxb7+ Ka8 23.Qb3 1-0

[Event "HCL-A112"]
[Site "www.playchess.de"]
[Date "2001.04.05"]
[Round "1"]
[White "One_i"]
[Black "waz2000"]
[WhiteElo "1726"]
[BlackElo "1873"]
[PlyCount "54"]
[Result "0-1"]

1.d4 {Good luck to you from Canada}  Nf6 {Thanks 
and good luck to you too!}  2.Nf3 d5 3.c3 Bf5 
4.Bf4 e6 5.e3 Bd6 6.Bg3 Bxg3 7.fxg3 Nbd7 8.Bd3 Qe7 
9.O-O O-O 10.Qc2 Rae8 11.Nbd2 Bxd3 12.Qxd3 e5 
13.dxe5 Nxe5 14.Qb5 c6 15.Qe2 Neg4 16.Rae1 Nxe3 
17.Qd3 Qc5 18.Nb3 Qb6 19.Kh1 Nxf1 20.Rxf1 Ng4 
21.Qd4 Qxd4 22.Nbxd4 c5 23.Nf5 Re2 24.Ng5 g6 
25.Nd6 f6 26.h3 Ne3 27.Ngf7 Nxf1 0-1

[Event "HCL-C261"]
[Site "www.playchess.de"]
[Date "2001.04.05"]
[Round "1"]
[White "Max"]
[Black "MEATHEAD"]
[WhiteElo "1597"]
[BlackElo "1030"]
[PlyCount "63"]
[Result "1-0"]

1.e4 e5 2.Nf3 d6 3.Nc3 Nc6 4.Bb5 a6 5.Ba4 Bd7 
6.O-O b5 7.Bb3 Nf6 8.d3 Na5 9.Bg5 h6 10.Bh4 Be7 
11.Bxf6 Bxf6 12.Nd5 Nxb3 13.cxb3 Be6 14.Nxf6+ Qxf6 
15.h3 c5 16.Rc1 O-O 17.Ne1 g6 18.Nc2 Rad8 19.Ne3 
d5 20.exd5 Bxd5 21.Ng4 Qg5 22.Rxc5 Ba8 23.Rxe5 Qh4 
24.Kh2 g5 25.g3 Qh5 26.Nf6+ Kh8 27.Qxh5 Kg7 
28.Rxg5+ Kxf6 29.Qxh6+ Ke7 30.Re1+ Kd7 31.Qxa6 f6 
32.Rg7+ 1-0

[Event "HCL-C257"]
[Site "www.playchess.de"]
[Date "2001.04.05"]
[Round "2"]
[White "MEATHEAD"]
[Black "Bishop_F1G2"]
[WhiteElo "1030"]
[BlackElo "1000"]
[PlyCount "58"]
[Result "0-1"]

1.e4 e5 2.Nf3 Nc6 3.c3 Nf6 4.d3 d5 5.Nbd2 Be7 
6.Be2 O-O 7.O-O Bg4 8.Qb3 Rb8 9.h3 dxe4 10.dxe4 
Bxf3 11.Bxf3 Qd7 12.Nc4 b5 13.Ne3 b4 14.Nd5 bxc3 
15.Qxc3 Nxd5 16.exd5 Nd4 17.Be4 Ne2+ 18.Kh1 Nxc3 
19.bxc3 f5 20.d6 fxe4 21.dxe7 Qxe7 22.Be3 Rb2 
23.a4 Rc2 24.Bxa7 c5 25.Bb6 Rfxf2 26.Rxf2 Rxf2 
27.a5 e3 28.Kg1 Qb7 29.Bxc5 Qxg2+ 0-1

[Event "HCL-C261"]
[Site "www.playchess.de"]
[Date "2001.04.05"]
[Round "9"]
[White "olaf"]
[Black "saltsau"]
[WhiteElo "1446"]
[BlackElo "1000"]
[PlyCount "25"]
[Result "1-0"]

1.e4 Nf6 2.e5 Ng4 3.Qxg4 d5 4.Qf3 e6 5.d4 Bb4+ 
6.Nc3 O-O 7.Nh3 f5 8.Bd3 Nc6 9.Be3 f4 10.Nxf4 a5 
11.Qh5 a4 12.Bxh7+ Kh8 13.Ng6+ 1-0

[Event "HCL-E032"]
[Site "www.playchess.de"]
[Date "2001.04.05"]
[Round "18"]
[White "peze"]
[Black "Ole_Jacobsen"]
[WhiteElo "2013"]
[BlackElo "2000"]
[PlyCount "29"]
[Result "1-0"]

1.e4 {Hi! Good luck!}  Nc6 {Hi same to you!}  
2.Nf3 d5 3.exd5 Qxd5 4.d4 Bg4 5.Be2 O-O-O 6.c4 Qd6 
7.d5 Qd7 8.dxc6 Qxc6 9.Qb3 Nf6 10.O-O e6 11.Be3 
Bc5 12.Ne5 Qb6 13.Qxb6 Bxb6 14.Nxg4 Bxe3 
15.Nxe3 1-0

[Event "HCL-C243"]
[Site "www.playchess.de"]
[Date "2001.04.05"]
[Round "12"]
[White "Yurispb"]
[Black "ZenPuppie"]
[WhiteElo "1001"]
[BlackElo "747"]
[PlyCount "31"]
[Result "1-0"]

1.e4 e5 2.f4 exf4 3.Nf3 a6 4.Bc4 Nc6 5.d4 g5 6.O-O 
Bh6 7.Nc3 d6 8.h4 Bg4 9.hxg5 Bxg5 10.Ne2 h6 
11.Bxf4 Qe7 12.Qd2 Qxe4 13.Bxg5 Bxf3 14.Rxf3 f6 
15.Re3 Qxe3+ {i'm an idiot (twice)}  
16.Qxe3+ 1-0

[Event "ACL-A141"]
[Site "www.playchess.de"]
[Date "2001.04.05"]
[Round "14"]
[White "deadeasy"]
[Black "THEGREENMILE"]
[WhiteElo "1902"]
[BlackElo "1500"]
[PlyCount "37"]
[Result "1-0"]

1.d4 d5 2.Nc3 e6 3.e4 {hi from london. i look 
forward to an intersting game}  Nf6 {hi fron 
germany i hope it will be interesting good luck}  
4.Bg5 {where does your name come from? it does not 
sound german!}  dxe4 {thegreenmile?? its a film 
with tom hanks}  5.Nxe4 {right, i have not seen 
it. where in germany do you live? i lived in 
Huckelhoven some years ago}  Be7 {thatsnotfaraway 
nettetal are u german or englisch}  6.Bxf6 {i am 
english. but my brother was so young when we moved 
he cheers on germany at football.}  Bxf6 {oh i 
just asked i knew someone from that area also a 
chessplayer and  i heard he went to england}  
7.Nf3 {did you understand the answers to your 
question in messages.}  Nd7 {yeah}  8.Bc4 O-O 
9.Qe2 Be7 10.O-O-O c6 11.h4 b5 12.Bd3 Bb7 13.Nc5 
Nxc5 14.dxc5 Qa5 15.Qe4 g6 16.h5 Qxa2 17.hxg6 Qa1+ 
18.Kd2 Qxb2 19.Rxh7 1-0

[Event "HCL-C266"]
[Site "www.playchess.de"]
[Date "2001.04.05"]
[Round "16"]
[White "MEATHEAD"]
[Black "xerxes2u"]
[WhiteElo "1015"]
[BlackElo "1496"]
[PlyCount "66"]
[Result "0-1"]

1.e4 d6 2.Qf3 Nf6 3.d3 g6 4.Nc3 Bg7 5.Nh3 Bg4 
6.Qg3 Nc6 7.Be2 Qd7 8.O-O Nd4 9.f3 Be6 10.Be3 Nxc2 
11.Bf2 Nxa1 12.Rxa1 O-O 13.Ng5 b6 14.Nxe6 Qxe6 
15.Nb5 Qd7 16.d4 c6 17.Na3 c5 18.Bb5 Qb7 19.Rd1 
cxd4 20.Bxd4 e6 21.Qxd6 Rad8 22.Qb4 Nh5 23.g4 Nf4 
24.Rd2 e5 25.Be3 Rxd2 26.Qxd2 Qb8 27.Bxf4 exf4 
28.h4 Rd8 29.Qe2 Bd4+ 30.Kh1 Qe5 31.Qd3 h6 32.Bc4 
Qf6 33.Qb3 Qxh4+ {mate in 2}  0-1

[Event "HCL-C266"]
[Site "www.playchess.de"]
[Date "2001.04.05"]
[Round "21"]
[White "patzyman"]
[Black "MEATHEAD"]
[WhiteElo "1000"]
[BlackElo "1015"]
[PlyCount "109"]
[Result "1-0"]

1.e4 e5 2.Nf3 Nf6 3.Nxe5 Nxe4 4.Qe2 Qe7 5.Qxe4 f6 
6.d4 d6 7.Nc3 dxe5 8.dxe5 Nd7 9.Nd5 Nc5 10.Qe2 Qd8 
11.exf6+ Kf7 12.fxg7 Bxg7 13.Qf3+ Ke8 14.Bg5 Qxg5 
15.Nxc7+ Kd8 16.Nxa8 Qe5+ 17.Be2 Rf8 18.Rd1+ Nd7 
19.Qd3 Qxb2 20.O-O Qxa2 21.Bg4 Qa6 22.Bxd7 Qxd3 
23.Rxd3 Bxd7 24.Rfd1 Rf7 25.Ra3 Bf8 26.Rxa7 Bc5 
27.Rxb7 Bxf2+ 28.Kh1 Kc8 29.Nb6+ Kxb7 30.Rxd7+ 
Rxd7 31.Nxd7 Kc6 32.Nf6 Kc5 33.Ne4+ Kc4 34.Nxf2 
Kc3 35.g4 h6 36.h4 Kxc2 37.Kg2 Kc3 38.Kf3 Kd4 
39.Kf4 Kd5 40.Kf5 Kd4 41.Ne4 Ke3 42.Kg6 Kxe4 
43.Kxh6 Kf4 44.g5 Kg4 45.g6 Kxh4 46.g7 Kg4 {theres 
no way you can checkmate me with a queen and king, 
so i offer a draw.}  47.g8Q+ {%}  Kf4 {your 
wasting your time buddy}  48.Qd5 Ke3 49.Kg5 {we 
both know this is an easy win for white}  Ke2 
50.Qb3 Kd2 51.Kf4 Ke2 52.Qe3+ Kd1 53.Qf2 Kc1 
54.Ke3 Kd1 55.Qd2+ 1-0

[Event "HCL-C269"]
[Site "www.playchess.de"]
[Date "2001.04.05"]
[Round "5"]
[White "assmonkey"]
[Black "Ginebra"]
[WhiteElo "927"]
[BlackElo "1000"]
[PlyCount "41"]
[Result "1-0"]

1.e4 {Good luck.}  e5 {Hi, have a nice game}  
2.Nf3 Nc6 3.Bb5 {Do you live in Andorra la Vella?} 
 a6 {No, I don't. I live in Tarragona}  4.Ba4 
{What is the national language of Andorra?}  b5 
5.Bb3 Nf6 6.O-O h6 7.Nc3 Bb4 8.d3 d6 9.Bd2 O-O 
10.Re1 Re8 11.Be3 Bg4 12.a3 Ba5 13.h3 Be6 14.Bd2 
Qd7 15.Nd5 Bxd2 16.Qxd2 Nd4 17.Nxf6+ gxf6 18.Qxh6 
Nxf3+ 19.gxf3 Bxh3 20.Kh1 c5 21.Reg1+ 1-0

[Event "HCL-B271"]
[Site "www.playchess.de"]
[Date "2001.04.05"]
[Round "2"]
[White "Outeralert"]
[Black "SAROS"]
[WhiteElo "1500"]
[BlackElo "1266"]
[PlyCount "33"]
[Result "1-0"]

1.Nf3 e6 2.g3 d5 3.Bg2 Bc5 4.O-O Nf6 5.d4 Bb6 6.c3 
O-O 7.Bf4 c6 8.Qd3 Nbd7 9.Nbd2 c5 10.e4 dxe4 
11.Nxe4 cxd4 12.cxd4 Nxe4 13.Qxe4 Nf6 14.Qd3 Bd7 
15.Ne5 Ba4 16.Bxb7 Rb8 17.Bc6 1-0

[Event "HCL-B271"]
[Site "www.playchess.de"]
[Date "2001.04.05"]
[Round "7"]
[White "Lycanth"]
[Black "SAROS"]
[WhiteElo "1305"]
[BlackElo "1266"]
[PlyCount "39"]
[Result "1-0"]

1.e4 {hello :)}  c6 {Hello from Istanbul}  2.d4 e6 
3.Nf3 Ne7 4.Nc3 d6 5.Bd3 Nd7 6.O-O b5 7.Ng5 h6 
8.Nh3 e5 9.Be3 Nf6 10.f4 Bxh3 11.gxh3 exf4 12.Bxf4 
Ng6 13.Qf3 Qd7 14.Rae1 O-O-O 15.e5 Nh7 16.Bg3 Ng5 
17.Qg2 Nxh3+ 18.Kh1 Ng5 19.Bxb5 d5 
20.Ba6+ 1-0

[Event "HCL-B275"]
[Site "www.playchess.de"]
[Date "2001.04.05"]
[Round "15"]
[White "Savage"]
[Black "ericlep2"]
[WhiteElo "1435"]
[BlackElo "1200"]
[PlyCount "49"]
[Result "1-0"]

1.e4 {Hello}  d6 2.d4 {Hello, welcome to the 
game.}  Nf6 3.Nc3 g6 {hi, good luck for 
tournament.}  4.f4 {Thanks and on with a Pirc eh?} 
 Bg7 5.Nf3 c5 6.Bb5+ Bd7 7.e5 dxe5 8.dxe5 Ng4 9.h3 
Nh6 10.g4 O-O 11.Bxd7 Qxd7 12.Be3 b6 13.f5 gxf5 
14.g5 Ng4 15.hxg4 fxg4 16.Nh2 g3 17.Ng4 Rd8 18.Qf3 
Qc6 19.Ne4 Qd5 20.Ngf6+ exf6 21.gxf6 Qxe5 22.Qg4 
Kf8 23.Qxg7+ Ke8 24.Qg8+ Kd7 25.O-O-O+ 1-0

[Event "HCL-C274"]
[Site "www.playchess.de"]
[Date "2001.04.05"]
[Round "3"]
[White "YoYo"]
[Black "lienk"]
[WhiteElo "1552"]
[BlackElo "1021"]
[PlyCount "55"]
[Result "1-0"]

1.d4 {gl}  c5 2.d5 b6 3.c4 Bb7 4.Nf3 d6 5.Bg5 Qd7 
6.e3 e6 7.Nc3 f6 8.Bf4 Ne7 9.e4 e5 10.Bg3 g5 
11.Bd3 h5 12.h3 h4 13.Bh2 Ng6 14.Bc2 Qh7 15.Ba4+ 
Kf7 16.Nb5 Na6 17.Qb3 Nf4 18.Bxf4 gxf4 19.Nc3 f5 
20.Ng5+ Kg6 21.Nxh7 Rxh7 22.Bb5 Bh6 23.exf5+ Kxf5 
24.Qc2+ Kg5 25.Qxh7 Nb4 26.Qxb7 Rf8 27.Ne4+ Kf5 
28.Qh7+ {gg}  1-0

[Event "HCL-C263"]
[Site "www.playchess.de"]
[Date "2001.04.05"]
[Round "15"]
[White "Michael2001"]
[Black "MEATHEAD"]
[WhiteElo "798"]
[BlackElo "955"]
[PlyCount "79"]
[Result "1-0"]

1.e4 e5 2.Bc4 Nf6 3.Nc3 Nc6 4.Nf3 d6 5.O-O Bg4 
6.h3 Bh5 7.Qe1 Nd4 8.Nxd4 exd4 9.Nd5 c6 10.Nf4 Be7 
11.e5 O-O 12.exf6 Bxf6 13.Nxh5 Bg5 14.d3 Bxc1 
15.Qxc1 g6 16.Ng3 d5 17.Bb3 Qd6 18.Qg5 Kh8 19.Ne2 
Rae8 20.Nxd4 Re5 21.Qg3 Rfe8 22.Nf3 R5e6 23.Qxd6 
Rxd6 24.Ng5 b5 25.Nxf7+ Kg7 26.Nxd6 Rb8 27.Rae1 
Rd8 28.Nb7 Rd7 29.Nc5 Rd6 30.Re7+ Kh6 31.Rxa7 Rf6 
32.c4 dxc4 33.dxc4 bxc4 34.Bxc4 Rd6 35.b4 Rd4 
36.Bg8 Rxb4 37.Ne6 g5 38.Bxh7 Kh5 39.Bf5 Kh4 
40.Rh7+ 1-0

[Event "HCL-C268"]
[Site "www.playchess.de"]
[Date "2001.04.05"]
[Round "25"]
[White "Lukas"]
[Black "HrDoctor"]
[WhiteElo "1000"]
[BlackElo "1000"]
[PlyCount "51"]
[Result "1/2-1/2"]

1.e4 e5 2.Nf3 Nf6 3.Nxe5 Qe7 4.d4 d6 5.Nf3 Nxe4 
6.Be2 Bg4 7.O-O Nc6 8.Be3 g5 9.Nc3 Nxc3 10.bxc3 h6 
11.h3 Bh5 12.Rb1 O-O-O 13.d5 Bxf3 14.Bxf3 Ne5 
15.Bxa7 Bg7 16.Bd4 Rhg8 17.Bxe5 Qxe5 18.Qe2 Qxe2 
19.Bxe2 Bxc3 20.Bg4+ Kb8 21.Rb3 Be5 22.Rfb1 b6 
23.a4 Kb7 24.a5 Bd4 25.c3 Bc5 26.Be2 1/2-1/2

[Event "HCL-C268"]
[Site "www.playchess.de"]
[Date "2001.04.05"]
[Round "29"]
[White "Phlo"]
[Black "olaf"]
[WhiteElo "986"]
[BlackElo "1447"]
[PlyCount "39"]
[Result "1-0"]

1.e4 c5 2.Nc3 a6 3.Nf3 Nc6 4.d4 cxd4 5.Nxd4 Nxd4 
6.Qxd4 d6 7.Bc4 e5 8.Qd5 Qe7 9.O-O Nf6 10.Qa5 Bd7 
11.Bg5 g6 12.Nd5 Nxd5 13.Bxe7 Nxe7 14.Rad1 Nc6 
15.Qd5 Be6 16.Qd3 Bd7 17.Qf3 f5 18.exf5 Bxf5 19.g4 
Nd4 20.Qxb7 1-0

[Event "HCL-C268"]
[Site "www.playchess.de"]
[Date "2001.04.05"]
[Round "34"]
[White "MEATHEAD"]
[Black "Phlo"]
[WhiteElo "956"]
[BlackElo "986"]
[PlyCount "40"]
[Result "0-1"]

1.e4 e5 2.Bc4 Nf6 3.Nf3 d5 4.exd5 Nxd5 5.Nxe5 Be6 
6.Qf3 Nd7 7.Nxf7 Bxf7 8.Nc3 N7f6 9.O-O Nxc3 
10.Qxc3 Ne4 11.Qe5+ Qe7 12.Bxf7+ Kxf7 13.Qd5+ Qe6 
14.Qxb7 Bc5 15.Qxc7+ Qe7 16.Qc6 Rhf8 17.d3 Nxf2 
18.Rxf2+ Bxf2+ 19.Kxf2 Kg8+ 20.Kg1 
Qe1+ 0-1

[Event "HCL-A127"]
[Site "www.playchess.de"]
[Date "2001.04.05"]
[Round "9"]
[White "BogPhinneas"]
[Black "DepthCharge"]
[WhiteElo "1700"]
[BlackElo "1505"]
[PlyCount "49"]
[Result "1-0"]

1.e4 {Hi}  c5 {Greetings from Canada. Good luck! 
:)}  2.Nc3 {Nice to meet you. Good luck!}  Nc6 
3.g3 e5 4.Bg2 Nf6 5.Nge2 Nd4 6.Nd5 d6 7.c3 Bg4 
8.cxd4 Nxd5 9.exd5 cxd4 10.Qa4+ Bd7 11.Qb3 Rb8 
12.O-O Be7 13.d3 O-O 14.Kh1 Bg4 15.Ng1 f5 16.f4 
exf4 17.Bxf4 b6 18.Nf3 g5 19.Bd2 f4 20.gxf4 gxf4 
21.Nxd4 Qd7 22.Ne6 Bxe6 23.dxe6 Qe8 24.Rxf4 Qg6 
25.Be4 1-0

[Event "HCL-A124"]
[Site "www.playchess.de"]
[Date "2001.04.05"]
[Round "19"]
[White "myosotis1984"]
[Black "Gruhni"]
[WhiteElo "1700"]
[BlackElo "1302"]
[PlyCount "101"]
[Result "1-0"]

1.e4 e5 2.Nf3 Nc6 3.Bc4 Bc5 4.d3 d6 5.h3 h6 6.Nc3 
Nf6 7.Na4 Bb6 8.Nxb6 axb6 9.a3 O-O 10.O-O Be6 
11.Nd2 Bxc4 12.Nxc4 Na5 13.Ne3 Nc6 14.f4 exf4 
15.Rxf4 d5 16.Nxd5 Nxd5 17.exd5 Qxd5 18.Rg4 Ne5 
19.Rg3 Ng6 20.Qg4 Kh7 21.h4 h5 22.Qg5 Rad8 23.Bd2 
Qxg5 24.Rxg5 Rfe8 25.Rxh5+ Kg8 26.Re1 Rxe1+ 
27.Bxe1 Re8 28.Kf1 Re6 29.g3 Rf6+ 30.Ke2 Kf8 
31.Rd5 Re6+ 32.Kd2 Ke7 33.Rd4 Ne5 34.Re4 Nf3+ 
35.Ke2 Nd4+ 36.Kd1 Rxe4 37.dxe4 Ke6 38.g4 Ke5 
39.Bg3+ {hallo! schnelle Partie, findest du auch 
nicht?}  Kxe4 {Ja! Manchmal ein wenig zu schnell 
:)}  40.Bxc7 Nf3 41.h5 Ne5 42.g5 Kf5 43.h6 gxh6 
44.gxh6 Ng6 45.Bxb6 Nh8 46.Bd4 f6 47.Ke2 Kg6 
48.Kd3 Nf7 49.h7 Kg7 50.Ke3 Nd6 
51.Bxf6+ 1-0

[Event "ACL-A144"]
[Site "www.playchess.de"]
[Date "2001.04.05"]
[Round "15"]
[White "mepms"]
[Black "Rparkes"]
[WhiteElo "1500"]
[BlackElo "1615"]
[PlyCount "21"]
[Result "1-0"]

1.e4 {Hola de Santiago}  e6 {Hola compatriota, de 
Antofagasta. Suerte}  2.d4 {Gracias , = para ti}  
d5 {Gracias. Juegas en algún club en Stgo.?}  
3.Nd2 {No , solo por e-mail , acá , ICC , FICS}  
Nf6 {Entiendo. Tengo grandes amigos en la capital} 
 4.e5 Nfd7 5.Bd3 c5 6.c3 Nc6 7.Ne2 Be7 8.O-O f5 
9.Nf4 Nb6 10.Qh5+ Kd7 11.Nxe6 1-0

[Event "HCL-B292"]
[Site "www.playchess.de"]
[Date "2001.04.05"]
[Round "3"]
[White "vijal"]
[Black "Christopher"]
[WhiteElo "737"]
[BlackElo "1165"]
[PlyCount "49"]
[Result "1-0"]

1.e4 e5 2.Nf3 Nf6 3.Nc3 Bb4 4.d3 Bxc3+ 5.bxc3 Nc6 
6.Ba3 d5 7.exd5 Nxd5 8.c4 Nc3 9.Qd2 Nb5 10.cxb5 
Nd4 11.Nxd4 Qxd4 12.Be2 Qxa1+ 13.Qd1 Qc3+ 14.Qd2 
Qxa3 15.O-O Qxa2 16.Qb4 Qxc2 17.Bf3 Qxd3 18.Rd1 
Qc2 19.h3 Be6 20.Rd2 Qb3 21.Qc5 Qc4 22.Qe3 Qxb5 
23.Qa3 c6 24.Qd6 Rd8 25.Qxd8+ 1-0

[Event "ACL-A163"]
[Site "www.playchess.de"]
[Date "2001.04.05"]
[Round "1"]
[White "Eusebio"]
[Black "Gutovsky"]
[WhiteElo "1500"]
[BlackElo "1500"]
[PlyCount "34"]
[Result "0-1"]

1.e4 c5 2.Bc4 Nc6 3.Nc3 e6 4.d3 Nf6 5.Nf3 d5 6.Bb5 
dxe4 7.Nxe4 Nxe4 8.dxe4 Qxd1+ 9.Kxd1 Bd7 10.Nd2 
Rd8 11.Re1 Bd6 12.Nc4 Bxh2 13.Bg5 f6 14.Nd6+ Bxd6 
15.Kd2 fxg5 16.Be2 Bf4+ 17.Kd3 
Na5 0-1

[Event "HCL-B298"]
[Site "www.playchess.de"]
[Date "2001.04.05"]
[Round "3"]
[White "ericlep2"]
[Black "sboehnisch"]
[WhiteElo "1401"]
[BlackElo "1177"]
[PlyCount "25"]
[Result "1-0"]

1.d4 Nf6 2.c4 c6 3.Nc3 d5 4.Nf3 Bf5 5.Bf4 e6 6.e3 
c5 7.Qa4+ Nc6 8.Nb5 cxd4 9.Nc7+ Kd7 10.Ne5+ Ke7 
11.Qa3+ Qd6 12.Nxc6+ bxc6 13.Qxd6+ 1-0

[Event "HCL-C280"]
[Site "www.playchess.de"]
[Date "2001.04.05"]
[Round "12"]
[White "Gagarin"]
[Black "MEATHEAD"]
[WhiteElo "800"]
[BlackElo "867"]
[PlyCount "35"]
[Result "1-0"]

1.e4 {Hi, and good luck.}  e5 2.Nf3 Nf6 3.Nxe5 Qe7 
4.Nf3 Nxe4 5.Be2 Nc6 6.O-O Ne5 7.Re1 d5 8.d3 Nxf3+ 
9.Bxf3 {komin}  f5 {numnuts}  10.dxe4 fxe4 11.Qxd5 
Be6 12.Qxb7 Qd8 13.Qxe4 Qc8 14.Bh5+ g6 15.Bg4 Be7 
16.Bxe6 Qd8 17.Qa4+ Kf8 18.Bh6+ {thanks for the 
game.}  1-0

[Event "HCL-C290"]
[Site "www.playchess.de"]
[Date "2001.04.05"]
[Round "7"]
[White "olaf"]
[Black "Lukas"]
[WhiteElo "1335"]
[BlackElo "824"]
[PlyCount "93"]
[Result "1-0"]

1.e4 {Hallo Lukas}  c5 {Hallo Olaf! Unsere erste 
Partie habe ich durch einen groben Fehler doch 
noch verloren. - Viel Spaß!}  2.Bc4 {Ich glaube 
der Fehler lag wohl mehr bei mir; Tc8?}  e6 {Tc8? 
? - Ich hatte b4 gespielt dannach kam der Turm von 
c8 nach c4...}  3.Nc3 a6 4.a4 Nf6 5.Nf3 Nc6 6.O-O 
d6 7.d4 cxd4 8.Nxd4 Be7 9.Nxc6 bxc6 10.Bd3 O-O 
11.Re1 Bb7 12.e5 dxe5 13.Ne4 Nxe4 14.Rxe4 Qc7 
15.Qh5 g6 16.Qh6 Bf6 17.Bg5 Bxg5 18.Qxg5 f6 19.Qg3 
Qg7 20.Bc4 Qf7 21.Rf1 Rad8 22.Qh3 Rfe8 23.f4 c5 
24.Ree1 Rd2 25.Re2 Rxe2 26.Bxe2 exf4 27.Rxf4 f5 
28.Rc4 Qg7 29.Qc3 Qxc3 30.Rxc3 Rd8 31.Rxc5 Rd2 
32.Bf3 Bxf3 33.gxf3 Kf7 34.b4 Ke7 35.Ra5 Rxc2 
36.Rxa6 Rb2 37.b5 Kf6 38.h4 Ke5 39.Kf1 Kf4 40.Rxe6 
Kxf3 41.Ke1 Ra2 42.Ra6 Re2+ 43.Kd1 Rh2 44.Ra5 Rxh4 
45.b6 Rd4+ 46.Kc2 {hab gerade eine deprimierende 
Niederlage eingesteckt}  Rc4+ {Dafür wirst Du hier 
gewinnen!}  47.Kd3 1-0

[Event "HCL-B082"]
[Site "www.playchess.de"]
[Date "2001.04.05"]
[Round "4"]
[White "Erik"]
[Black "lpratt71"]
[WhiteElo "1300"]
[BlackElo "1585"]
[PlyCount "21"]
[Result "1-0"]

1.d4 d5 2.Nf3 Nc6 3.Nc3 Nf6 4.Bf4 e6 5.Nb5 Bd7 
6.Nxc7+ Ke7 7.Nxa8 Qxa8 8.e3 g6 9.Ne5 Nxe5 10.Bxe5 
Ng4 11.Bxh8 1-0

[Event "HCL-B082"]
[Site "www.playchess.de"]
[Date "2001.04.05"]
[Round "5"]
[White "lpratt71"]
[Black "DTG007"]
[WhiteElo "1585"]
[BlackElo "956"]
[PlyCount "46"]
[Result "0-1"]

1.e4 e5 2.Nf3 Nf6 3.d4 exd4 4.Nxd4 Bc5 5.Nb3 Bxf2+ 
6.Kxf2 Nxe4+ 7.Kg1 d5 8.Be3 O-O 9.Bd3 f5 10.Nc5 
Qf6 11.c3 b6 12.Nxe4 fxe4 13.Bc2 Ba6 14.Nd2 Nd7 
15.h3 Ne5 16.Bd4 c5 17.Bf2 Qxf2+ 18.Kh2 Bd3 
19.Bxd3 Nxd3 20.Rf1 Qe3 21.c4 Rxf1 22.Qxf1 Qxd2 
23.Rd1 Qxb2 0-1

[Event "HCL-B082"]
[Site "www.playchess.de"]
[Date "2001.04.05"]
[Round "7"]
[White "Stephen21"]
[Black "Erik"]
[WhiteElo "1092"]
[BlackElo "1300"]
[PlyCount "99"]
[Result "1-0"]

1.Nf3 d5 2.d4 Nf6 3.e3 Bf5 4.Bd3 Qd7 5.Nc3 e6 
6.Ne5 Qe7 7.Bxf5 exf5 8.Qd3 Qe6 9.Qb5+ Nbd7 
10.Nxd7 Nxd7 11.Nxd5 O-O-O 12.c4 c6 13.Qa5 cxd5 
14.c5 a6 15.a4 h5 16.b4 Re8 17.Rb1 Nb8 18.b5 b6 
19.bxa6 bxa5 20.a7 Kc7 21.a8Q Qa6 22.Qxd5 g6 
23.Rb6 Qc8 24.Bd2 Qd7 25.Qb7+ Kd8 26.Qxb8+ Qc8 
27.Qf4 Re4 28.Qg5+ Be7 29.Qg3 f4 30.Qf3 Re6 
31.Bxa5 Rxb6 32.Bxb6+ Ke8 33.Qxf4 f6 34.O-O Kf7 
35.a5 f5 36.Qe5 Re8 37.Ra1 Bf6 38.Qd5+ Re6 39.a6 
Qc6 40.Qxc6 Rxc6 41.a7 Rc8 42.a8Q Rxa8 43.Rxa8 Be7 
44.c6 Bd6 45.Ra7+ Ke6 46.c7 Bxc7 47.Bxc7 Kd5 48.f4 
Kc6 49.Be5 Kd5 50.Rg7 1-0

[Event "HCL-B082"]
[Site "www.playchess.de"]
[Date "2001.04.05"]
[Round "8"]
[White "DTG007"]
[Black "Stephen21"]
[WhiteElo "956"]
[BlackElo "1092"]
[PlyCount "75"]
[Result "1-0"]

1.e4 d5 2.exd5 Qxd5 3.Nc3 Qe5+ 4.Nge2 Nf6 5.g3 Bg4 
6.d4 Qe6 7.Bg2 Nc6 8.Bf4 Rd8 9.d5 Nxd5 10.Nxd5 
Qxe2+ 11.Qxe2 Bxe2 12.Kxe2 e6 13.Nxc7+ Ke7 14.Rhd1 
g6 15.Rxd8 Kxd8 16.Rd1+ Kc8 17.Na6 Be7 18.c3 Rd8 
19.Rxd8+ Kxd8 20.a3 g5 21.Be3 Ne5 22.Bxb7 Nc4 
23.Bc1 h5 24.Nb4 Bxb4 25.axb4 Ke7 26.Bxg5+ f6 
27.Bc1 f5 28.b3 Nd6 29.Bf3 Nb5 30.Kd3 Kf6 31.Bxh5 
e5 32.f4 e4+ 33.Kc4 Nd6+ 34.Kc5 Ke6 35.Be3 Nb7+ 
36.Kc6 Nd8+ 37.Kc7 Ke7 38.Bc5+ 1-0

[Event "HCL-B082"]
[Site "www.playchess.de"]
[Date "2001.04.05"]
[Round "10"]
[White "lpratt71"]
[Black "Stephen21"]
[WhiteElo "1585"]
[BlackElo "1092"]
[PlyCount "40"]
[Result "0-1"]

1.e4 d5 2.Nf3 dxe4 3.Nh4 Nf6 4.Nc3 e5 5.d3 Bb4 
6.Bd2 Bg4 7.Be2 Qd7 8.Nxe4 Bxd2+ 9.Nxd2 Nc6 10.Nc4 
Nd4 11.Bxg4 Nxg4 12.O-O O-O 13.h3 Nf6 14.Nxe5 Qb5 
15.b3 Qxe5 16.Re1 Qg5 17.Re4 Nxe4 18.Nf3 Nxf3+ 
19.Kf1 Ned2+ 20.Ke2 Rae8+ 0-1

[Event "ACL-A048"]
[Site "www.playchess.de"]
[Date "2001.04.05"]
[Round "1"]
[White "chrisg"]
[Black "Yogibear"]
[WhiteElo "1717"]
[BlackElo "1731"]
[PlyCount "38"]
[Result "1/2-1/2"]

1.e4 d5 2.exd5 Qxd5 3.Nc3 Qa5 4.d4 Nf6 5.Nf3 c6 
6.Bd2 Bf5 7.Bc4 e6 8.h3 Qb6 9.Bb3 Nbd7 10.Qe2 Be7 
11.O-O-O O-O-O 12.Nh4 Bg6 13.Nxg6 hxg6 14.Bg5 Qc7 
15.Qf3 Nb6 16.Rhe1 Rd7 17.Kb1 Re8 18.Re2 Rh8 
19.Be3 Rhd8 1/2-1/2

[Event "ACL-A048"]
[Site "www.playchess.de"]
[Date "2001.04.05"]
[Round "4"]
[White "chrisg"]
[Black "Spiridonas"]
[WhiteElo "1717"]
[BlackElo "1500"]
[PlyCount "23"]
[Result "1-0"]

1.e4 e6 2.d4 d5 3.Nd2 c5 4.exd5 exd5 5.Ngf3 cxd4 
6.Nxd4 Bc5 7.N2b3 Qb6 8.Be3 Bxd4 9.Bxd4 Qe6+ 
10.Qe2 Qxe2+ 11.Bxe2 Nc6 12.Bxg7 1-0